| 000 | 00705nam a22001937a 4500 | ||
|---|---|---|---|
| 005 | 20250813124800.0 | ||
| 008 | 250813b |||||||| |||| 00| 0 eng d | ||
| 020 | _a81-7380-842-2 (ਹਬਕ) | ||
| 037 | _cREF | ||
| 040 |
_aAL _cAL |
||
| 041 |
_2pun _apun |
||
| 084 |
_aQ8441:21k 153P2.1-.2 _qAL |
||
| 245 | _aਸ੍ਰੀ ਗੁਰੂ ਗ੍ਰੰਥ ਕੋਸ਼ | ||
| 260 |
_aਪਟਿਆਲਾ, ਭਾਰਤ: _bਪੰਜਾਬੀ ਪਬਲਿਸ਼ਰ, _c2002. |
||
| 300 | _a1114p. | ||
| 650 | _aਧਰਮ | ||
| 942 |
_2CC _cREF _hQ8441:21k 153P2.1-.2 _n0 |
||
| 999 |
_c1434733 _d1434733 |
||